000 01161nam a2200265 a 4500
001 000795266
003 AM-YeHGA
005 20250617162004.0
008 110314s1963 ||||||||r|||||000|0|rus|d
040 _aAM-YeHGA
041 0 _arus
245 0 0 _aГигиена молока :
_bГигиена производства, обработки и распределения молока : пер. с англ. /
_cМ. Абдуссалам, М.Анквез, Ф.У.Барбер и др. ; Всемирная организация здравоохранения (Женева).
260 _aМосква :
_bМедицина,
_c1963.
300 _a836 с. :
_bил. ;
_c23 см.
650 1 4 _aПищевая промышленность
650 1 4 _aПроизводственная гигиена
650 1 4 _aМолоко
650 1 4 _aПищевая технология
650 1 4 _aПищевая санитария
700 1 _aАбдуссалам, М.
700 1 _aАнквез, М.
700 1 _aБарбер, Ф.У.
710 2 _aВсемирная организация здравоохранения
_uЖенева
090 _c484708
999 _c481359
_d481359